Counties of Ireland in alphabetical order - Statistics

General Stats
  • This quiz has been taken 17 times
  • The average score is 27 of 32
Answer Stats
Answer % Correct
Antrim
100%
Armagh
100%
Carlow
100%
Derry
100%
Down
100%
Dublin
100%
Galway
100%
Clare
93%
Donegal
93%
Fermanagh
93%
Kerry
93%
Leitrim
93%
Cork
87%
Kildare
87%
Kilkenny
87%
Sligo
87%
Cavan
80%
Laois
80%
Limerick
80%
Louth
80%
Meath
80%
Tipperary
80%
Westmeath
80%
Wicklow
80%
Longford
73%
Mayo
73%
Monaghan
73%
Offaly
73%
Wexford
73%
Roscommon
67%
Waterford
67%
Tyrone
60%
No matching quizzes found
Score Distribution
Percent of People with Each Score
Percentile by Number Answered
Your Score History
You have not taken this quiz